000 00905cam a2200325 i 4500
001 0000485
003 DO-SdBNP
005 20221109115251.0
007 0000485
008 100514s2010 sp | |||| 000 f spa
015 _a
017 _a
_b
020 _a9788466318303
035 _a
040 _aBPMSU
_bspa
_cBPMSU
_e
080 _a
100 1 _aEnde, Michael,
_d1929-1995.
240 1 0 _aDie unendliche geshichte
_lale.
245 1 3 _aLa historia interminable /
_cMichael Ende ; traducción Miguel Sáenz.
_h
250 _a6a. ed.
260 _aMadrid:
_bSantillana ediciones generales,
_c2010.
300 _a509 p. ;
_c19 m
490 1 _aPunto de lectura
_v45 / 1
500 _aIncluye datos biográficos del autor.
700 1 2 _aSáenz, Miguel,
_etrad.
830 0 _aPunto de lectura
_n45 / 1
942 _2ddc
_cBK
945 _aInventariado, 2018/LP
956 _aYLOCKWARD
_b10
_cBPMSU
999 _c10707
_d10707